000 00777nam a2200217 4500
003 OSt
005 20230125161933.0
008 221117b |||||||| |||| 00| 0 eng d
020 _a978 84 92505 63 0
040 _cBiblioteca Lado V
082 _a779.949
_bP715c
100 _9624
_aPlasencia, Clara
_eeditora
245 _aCentre Internacional de Fotografía Barcelona ( 1978-1983)/
260 _bMuseo de Arte Contemporáneo de Barcelona
_aEspaña
_c1979
300 _c17x23cm
_a375p.
650 _2Tesauro de Arte & Arquitectura
_aFOTOGRAFIA
650 _2Tesauro de Arte & Arquitectura
_aESPANA
650 _2Tesauro de Arte & Arquitectura
_aCENTRO INTERNACIONAL
700 _aFrerot, Christine
_eautor
_9454
942 _2ddc
_c1
_h779.949
_iP715c
_n0
999 _c2893
_d2893